Quick Pick: Elizabeth Taylor's Husbands Quiz Stats

 Plays Quiz Updated Aug 27, 2017

Challenge
Share
Tweet
Embed
Score 0/7 Timer 01:00
2 Plays Today
% Correct
Richard Burton
91.7%
Eddie Fisher
82.1%
Conrad 'Nicky' Hilton, Jr.
74.7%
Larry Fortensky
74.5%
Mike Todd
74.2%
John Warner
69.3%
Michael Wilding
67.3%

Today's Daily Dose

You're not logged in!

Compare scores with friends on all Sporcle quizzes.
Join for Free
OR
Log In

You Might Also Like...

Show Comments

Extras

Top Quizzes Today


Score Distribution

Your Account Isn't Verified!

In order to create a playlist on Sporcle, you need to verify the email address you used during registration. Go to your Sporcle Settings to finish the process.

Report this User

Report this user for behavior that violates our Community Guidelines.

Details: